00499nam a2200157 a 45000010005000000030009000050080041000140400028000550820016000831000019000992450122001182600029002403000015002694900017002846500040003013331CO-ViMGA141112s2004 ck r 000 u spa d aCO-ViMGAbspacCO-ViMGA04a923.9 M131m1 aMauffret, Yvon10aYo, Magallanes : bcaballero Portugues, capitán de su majestad el Rey de España, que quiso dar la vuelta al mundo aMadrid : bAnayo, c1990 a119 p : il aYo, memorias14aMAGALLANES, FERNANDO DE 1480 - 1521